Ricostruisci la Carriera del Calciatore - Lucas Ocampos - Statistics

Statistiche generali
  • Questo quiz è stato fatto 4 volte
  • Il punteggio medio è 2 su 9
Statistiche sulle risposte
Hint Risposta % Corretto
2011-2012 River Plate
100%
2017 Milan
25%
2015-2016 Olympique Marsiglia
25%
2017-2019 Olympique Marsiglia
25%
2019-2022 Siviglia
25%
2022-2023 Ajax
0%
2016-2017 Genoa
0%
2012-2015 Monaco
0%
2023- Siviglia
0%
Nessun quiz corrispondente trovato
Distribuzione punteggi
Percentuale di utenti per punteggio
Percentile per numero di risposta
I tuoi punteggi nel tempo
Non hai fatto questo quiz